000 01245nam a2200313Ia 4500
001 ebr10689969
003 CaPaEBR
006 m u
007 cr cn|||||||||
008 130402s2013 dcu sb 001 0 eng d
010 _z 2013013447
020 _z9780815724162 (pbk. : alk. paper)
020 _z9780815725091
040 _aCaPaEBR
_cCaPaEBR
035 _a(OCoLC)840487019
050 1 4 _aRA395.S59
_bH37 2013eb
082 0 4 _a362.1095957
_223
100 1 _aHaseltine, William A.
245 1 0 _aAffordable excellence
_h[electronic resource] :
_bthe Singapore healthcare story /
_cWilliam A. Haseltine.
260 _aWashington, D.C. :
_bBrookings Institution Press,
_cc2013.
300 _axiv, 182 p.
504 _aIncludes bibliographical references and index.
533 _aElectronic reproduction.
_bPalo Alto, Calif. :
_cebrary,
_d2013.
_nAvailable via World Wide Web.
_nAccess may be limited to ebrary affiliated libraries.
650 0 _aNational health services
_zSingapore.
650 0 _aMedical policy
_zSingapore.
655 7 _aElectronic books.
_2local
710 2 _aebrary, Inc.
856 4 0 _uhttp://site.ebrary.com/lib/rucke/Doc?id=10689969
_zAn electronic book accessible through the World Wide Web; click to view
999 _c11061
_d11061